01364nam a2200265 a 450000100100000000500170001000800410002704000250006808200150009310000340010824500440014226000550018630000210024150000570026259000660031965000390038591000390042404900090046395201270047295201270059995201270072695201120085395201180096599900150108300000222520200929150156.0090701s200u dr 000 0 spa d aDO-SdBNPbspacBNPHU a418bC238p1 aCapell, Jhossan,d1973-9710810aPensamientos vividos /cJhossan Capell. a[Santo Domingo] :bEditora y papelería 23,c200? a313 p. ;c22 cm. aIncluye datos biográficos del autor en las solapas aLa biblioteca posee dos ejemplares autografiados por el autor 4aEspañolxPalabras y frases97109 aValidado. Control de calidad BNPHU aBNPD 001054708DSaGRbGRcCTd2009-07-01iLF1l0o418 C238pp2225-30r2020-06-25te. 3w2020-06-25yLFDSZPréstamo en sala 001054708DSaGRbGRcCTd2010-02-17iLF1l0o418 C238pp2225-40r2020-06-25te. 4w2020-06-25yLFDSZPréstamo en sala 001054708DSaGRbGRcCTd2010-02-17iLF1l0o418 C238pp2225-50r2020-06-25te. 5w2020-06-25yLFDSZPréstamo en sala 0010718PDaPDbPDcCTd2009-07-01iLF1l0o418 C238pp2225-10r2020-06-25w2020-06-25yLFPDZNo se presta 0010718PDaPDbPDcCTd2009-07-01iLF1l0o418 C238pp2225-20r2020-06-25te. 2w2020-06-25yLFPDZNo se presta c2073d2073